Fidelización: un paso más allá de la retención. El Marketing Directo, el despliegue CRM y la empresa virtual

Salvato in:
Dettagli Bibliografici
Autore principale: Cuesta Fernández, Félix (Autore)
Natura: Libro
Lingua:spagnolo
Pubblicazione: Madrid McGraw-Hill 2003
Edizione:1a. ed
Soggetti:
Tags: Aggiungi Tag
Nessun Tag, puoi essere il primo ad aggiungerne!!

MARC

LEADER 00000cam a2200000 a 4500
001 UCD5315
003 CL-VaPUC
008 160902e20030000sp |||||||||||||||||spa|d
020 |a 8448139364 
082 0 4 |a 658.8  |b CUE  |2 21 
100 0 |a Cuesta Fernández, Félix  |e author  |9 589096 
245 1 0 |a Fidelización: un paso más allá de la retención. El Marketing Directo, el despliegue CRM y la empresa virtual 
250 |a 1a. ed 
300 |a 278 p 
942 |c BK 
945 |d 20160902 15:38:00  |a dcastane 
260 |a Madrid  |b McGraw-Hill  |c 2003 
650 0 |a Análisis de mercado   |9 260838 
650 0 |a Ventas  |9 259323 
650 0 |a Marketing  |9 259324 
583 |a last modification  |c 20160902 15:38:00  |k Rodrigo Vera 
999 |c 366033  |d 366031